video game quotes - Statistics

General Stats
  • This quiz has been taken 46 times
  • The average score is 4 of 15
Answer Stats
Hint Answer % Correct
"Get over here!" Mortal Kombat
87%
"I guess, I'm afraid" Red Dead Redemption 2
55%
"You have no honor. And you are a slave to it" Ghost Of Tsushima
48%
"28 stab wounds. Didn't wanna leave him a chance huh" Detroit: Become Human
42%
"Don't be sorry, be better" God Of War
42%
"When you're lost in the darkness, look for the light" The Last Of Us
32%
"You were everything I wanted to be. I worshiped you" Spider-Man
26%
"Even after all you've done, I still would've saved you" Batman: Arkham City
23%
"I don't know if I can ever forgive you for that. But I'd like to try" The Last Of Us Part 2
16%
"I'm always careful" Uncharted
16%
"No books, no wisdom, just you fratello mio" Assassin's Creed Revelations
13%
good night, good luck Dying light
13%
"Have a cup of LIBER-TEA" Helldivers 2
13%
"Death can have me when it earns me" God Of War: Ragnarok
6%
"Failure is not the end. it is a necessary part of the path" Jedi: Fallen Order
6%
No matching quizzes found
Score Distribution
Percent of People with Each Score
Percentile by Number Answered
Your Score History
You have not taken this quiz